| 000 | 00815cab a2200253 4500 | ||
|---|---|---|---|
| 001 | ABS46168 | ||
| 008 | 090401t1992 xxu||||| |||| 00| 0 eng d | ||
| 035 | _a(Sirsi) u57041 | ||
| 041 | _aeng | ||
| 100 | _aVerdon, S. | ||
| 245 | _aWoodland : a question of perception | ||
| 260 | _c1992 | ||
| 350 | _a0 | ||
| 490 |
_aFarmland Market _v(37) February 1992, 12-13(2) |
||
| 520 | _aLooks at the range of grant schemes available for tree planting including the Woodland Grant Scheme (WGS) and Farm Woodland Scheme (FWS) succeeded by the Farm Woodland Premium Scheme (FWPS). | ||
| 650 | _aFARM WOODLAND SCHEME | ||
| 650 | _aFARMWOODLAND PREMIUM SCHEME | ||
| 650 | _aGRANTS | ||
| 650 | _aTREE PLANTING | ||
| 650 | _aWOODLAND GRANT SCHEME | ||
| 690 | _aRURAL PRACTICE | ||
| 942 | _n0 | ||
| 948 | _c04/03/1997 | ||
| 999 |
_c34780 _d34780 |
||